Introduction aux phénomènes de transport linéaires dans les semiconducteurs
Сохранить в:
| Главный автор: | |
|---|---|
| Формат: | |
| Язык: | Undetermined |
| Опубликовано: |
Paris
Masson
1970
|
| Предметы: | |
| Метки: |
Добавить метку
Нет меток, Требуется 1-ая метка записи!
|
| Thư viện lưu trữ: | Trung tâm Học liệu Trường Đại học Cần Thơ |
|---|
| LEADER | 00550nam a2200181Ia 4500 | ||
|---|---|---|---|
| 001 | CTU_219542 | ||
| 008 | 210402s9999 xx 000 0 und d | ||
| 082 | |a 537.622 | ||
| 082 | |b T234 | ||
| 100 | |a Tavernier, Jean | ||
| 245 | 0 | |a Introduction aux phénomènes de transport linéaires dans les semiconducteurs | |
| 245 | 0 | |c Jean Tavernier; Daniel Calecki | |
| 260 | |a Paris | ||
| 260 | |b Masson | ||
| 260 | |c 1970 | ||
| 650 | |a Semiconductors,Chất bán dẫn | ||
| 904 | |i Trúc | ||
| 980 | |a Trung tâm Học liệu Trường Đại học Cần Thơ | ||